5HLuxD.jpg

KING HENRY VIII SENIOR AND PRIMARY SCHOOL LIBRARY OPAC

Dancing with strangers : (Record no. 2752)

000 -LEADER
fixed length control field 01438nam a2200385 a 4500
001 - CONTROL NUMBER
control field 017148122
003 - CONTROL NUMBER IDENTIFIER
control field UkOxU
005 - DATE AND TIME OF LATEST TRANSACTION
control field 20230818150959.0
008 - FIXED-LENGTH DATA ELEMENTS--GENERAL INFORMATION
fixed length control field 090528s2008 enka 000 0 eng
010 ## - LIBRARY OF CONGRESS CONTROL NUMBER
LC control number 2009291369
020 ## - INTERNATIONAL STANDARD BOOK NUMBER
International Standard Book Number 9780194791977 (pbk.)
020 ## - INTERNATIONAL STANDARD BOOK NUMBER
International Standard Book Number 0194791971 (pbk.)
035 ## - SYSTEM CONTROL NUMBER
System control number (StGlU)b2671517x
035 ## - SYSTEM CONTROL NUMBER
System control number (UkLCURL)03b2671517x
038 ## - RECORD CONTENT LICENSOR
Record content licensor UkLCURL
040 ## - CATALOGING SOURCE
Original cataloging agency DLC
Transcribing agency DLC
Modifying agency DLC
-- KH8
043 ## - GEOGRAPHIC AREA CODE
Geographic area code f------
049 ## - LOCAL HOLDINGS (OCLC)
Local processing data l
082 ## - DEWEY DECIMAL CLASSIFICATION NUMBER
Classification number 428.6 WES
090 ## - LOCALLY ASSIGNED LC-TYPE CALL NUMBER (OCLC); LOCAL CALL NUMBER (RLIN)
Classification number (OCLC) (R) ; Classification number, CALL (RLIN) (NR) Gla
Local cutter number (OCLC) ; Book number/undivided call number, CALL (RLIN) ENG-T2091-02 Book
-- ENG-T2091-00 CD 1
-- ENG-T2091-01 CD 2
100 1# - MAIN ENTRY--PERSONAL NAME
Personal name West, Clare,
Relator term author.
245 10 - TITLE STATEMENT
Title Dancing with strangers :
Remainder of title stories from Africa /
Statement of responsibility, etc. retold by Clare West.
260 ## - PUBLICATION, DISTRIBUTION, ETC.
Place of publication, distribution, etc. Oxford :
Name of publisher, distributor, etc. Oxford University Press,
Date of publication, distribution, etc. 2008.
300 ## - PHYSICAL DESCRIPTION
Extent 71 p. :
Other physical details ill. ;
Dimensions 20 cm. +
Accompanying material 2 sound discs (4 3/4 in.)
490 1# - SERIES STATEMENT
Series statement Oxford Bookworms library. Stage 3, World Stories
500 ## - GENERAL NOTE
General note Book accompanied by 2 sound discs.
505 0# - FORMATTED CONTENTS NOTE
Formatted contents note South Africa: Ekateria / Jake Cope -- Tanzania: Breaking loose / M.G. Vassanji -- Uganda: Remember Atita / Jackee Budesta Batanda -- South Africa: A gathering of bald men / Mandla Langa.
650 #0 - SUBJECT ADDED ENTRY--TOPICAL TERM
Topical term or geographic name entry element Readers (Adult)
650 #0 - SUBJECT ADDED ENTRY--TOPICAL TERM
Topical term or geographic name entry element English language
Form subdivision Textbooks for foreign speakers.
650 #0 - SUBJECT ADDED ENTRY--TOPICAL TERM
Topical term or geographic name entry element Reading comprehension
Form subdivision Problems, exercises, etc.
650 #0 - SUBJECT ADDED ENTRY--TOPICAL TERM
Topical term or geographic name entry element African fiction.
651 #0 - SUBJECT ADDED ENTRY--GEOGRAPHIC NAME
Geographic name Africa
Form subdivision Fiction
830 #0 - SERIES ADDED ENTRY--UNIFORM TITLE
Uniform title Oxford bookworms library.
Name of part/section of a work World stories.
-- Stage 3.
942 ## - ADDED ENTRY ELEMENTS (KOHA)
Source of classification or shelving scheme
Koha item type Teaching Resources
Holdings
Withdrawn status Lost status Source of classification or shelving scheme Damaged status Not for loan Collection code Permanent Location Current Location Shelving location Date acquired Total Checkouts Full call number Barcode Date due Date last seen Date last checked out Price effective from Koha item type
          Teaching Resources KH8 Senior School Library KH8 Senior School Library Staff Office 2023-08-18 3 428.6 WES TRKHSL002134 2025-07-04 2025-06-19 2025-06-19 2023-08-18 Teaching Resources

Powered By KH8 IT Dept